|
|
|
|
| LEADER |
00757nab a2200217 i 4500 |
| 001 |
misc68562 |
| 005 |
20230201135311.0 |
| 008 |
220823s1971 hu o 0|| fre d |
| 040 |
|
|
|a SZTE Miscellanea Repozitórium
|b hun
|
| 041 |
|
|
|a fre
|
| 100 |
1 |
|
|a Németh Gyula
|
| 245 |
1 |
0 |
|a Noms ethniques turcs d'origine totémistique
|h [elektronikus dokumentum] /
|c Németh Gyula
|
| 260 |
|
|
|a Akadémiai Kiadó
|b Budapest
|c 1971
|
| 300 |
|
|
|a 349-359
|c 24 cm
|
| 490 |
0 |
|
|a Studia turcica
|
| 561 |
|
|
|a Németh Gyula hagyaték
|
| 591 |
|
|
|a NOA 4406;B 113650;XKEK 1909;OA 6982
|
| 650 |
|
4 |
|a Bölcsészettudományok
|
| 650 |
|
4 |
|a Nyelvek és irodalom
|
| 695 |
|
|
|a Török nyelv - etimológia
|
| 856 |
4 |
0 |
|u http://misc.bibl.u-szeged.hu/68562/1/6982_oa.pdf
|z Dokumentum-elérés
|